<?xml version="1.0" encoding="UTF-8"?>
<collection xmlns="http://www.loc.gov/MARC21/slim">
 <record>
  <leader>00365pamaa2200121   4500</leader>
  <controlfield tag="001">0000028412</controlfield>
  <controlfield tag="005">20090902090000.0</controlfield>
  <datafield tag="020" ind1="0" ind2="0">
   <subfield code="a">[nil] </subfield>
  </datafield>
  <datafield tag="090" ind1="0" ind2="0">
   <subfield code="a">HF5437.A2 </subfield>
   <subfield code="b">EFF 2000</subfield>
  </datafield>
  <datafield tag="245" ind1="0" ind2="0">
   <subfield code="a">EFFECTIVE Purchasing skills and basic negotation workshop  </subfield>
   <subfield code="c">organised by NTP World Forum on 11 - 12 April 2000.</subfield>
  </datafield>
  <datafield tag="300" ind1=" " ind2=" ">
   <subfield code="a">various pages; </subfield>
   <subfield code="c">26cm.</subfield>
  </datafield>
  <datafield tag="650" ind1="0" ind2="0">
   <subfield code="a">Purchasing </subfield>
  </datafield>
  <datafield tag="650" ind1="0" ind2="0">
   <subfield code="a">Seminar paper </subfield>
  </datafield>
 </record>
</collection>
